| 000 | 02520nam0a2200433 4500 | ||
|---|---|---|---|
| 001 | RU\NLR\BIBL_A\010779706 | ||
| 005 | 20260526122907.0 | ||
| 010 | _a978-5-906792-41-9 | ||
| 035 | _a(NLR Aleph) 010779706 | ||
| 090 |
_a10061124 _c10061124 |
||
| 100 | _a20150610d2015 u y0rusy50 ca | ||
| 101 | 0 | _arus | |
| 102 | _aRU | ||
| 105 | _ay|||z||||00yy | ||
| 200 | 1 |
_aЩит Персея _e(о романе М. Булгакова "Мастер и Маргарита") _aЛичная тайна как предмет литературы _e(на основе анализа текстов А. Пушкина и М. Лермонтова) _fОльга Поволоцкая |
|
| 210 |
_aСанкт-Петербург _cАлетейя _cИсторическая книга _d2015 |
||
| 215 |
_a447 с. _d22 |
||
| 320 | _aБиблиогр.: с. 442-445 (74 назв.) и в подстроч. примеч. | ||
| 333 | _a16+ | ||
| 500 |
_91061 _aМастер и Маргарита _3RU\NLR\AUTH\559755 |
||
| 600 | 1 |
_aПушкин _gАлександр Сергеевич _bА.С. _f1799 - 1837 _xПоэтика _3RU\NLR\AUTH\66695569 |
|
| 600 | 1 |
_aЛермонтов _gМихаил Юрьевич _bМ.Ю. _f1814 - 1841 _xПоэтика _3RU\NLR\AUTH\66673679 |
|
| 604 |
_1700#1$aБулгаков$bМ.А.$gМихаил Афанасьевич$f1891 - 1940 _1500##$a"Мастер и Маргарита"$2nlr_sh2$3RU\NLR\AUTH\66171423$3RU\NLR\AUTH\66171423 |
||
| 686 | 1 | _aШ5(2=Р)7-4Булгаков | |
| 686 | 2 | _aШ5(2=Р)51-4Пушкин45 | |
| 686 | 2 | _aШ5(2=Р)51-4Лермонтов45 | |
| 700 | 1 |
_aПоволоцкая _bО. Я. _gОльга Ярославовна |
|
| 702 | 1 |
_aЛермонтов _bМ. Ю. _cпоэт _f1814-1841 _gМихаил Юрьевич _8rus _3RU\NLR\auth\77328 _4570 _7ca |
|
| 702 | 1 |
_aБулгаков _bМ. А. _f1891-1940 _gМихаил Афанасьевич _8rus _3RU\NLR\AUTH\773529 _4570 _7ca |
|
| 702 | 1 |
_aПушкин _bА. С. _cпоэт _f1799-1837 _gАлександр Сергеевич _8rus _3RU\NLR\AUTH\77386 _4570 _7ca |
|
| 856 | 4 |
_lSV_MBA _tVIEW _uhttps://webservices.nlr.ru/viewer/file?name=p010779706_002.jpg _x001 _yСтраница |
|
| 856 | 4 |
_lSV_MBA _tVIEW _uhttps://webservices.nlr.ru/viewer/file?name=p010779706_003.jpg _x002 _yСтраница |
|
| 856 | 4 | 1 |
_lSV_MBA _tVIEW _uhttps://webservices.nlr.ru/viewer/file?name=t010779706_001.jpg _yОбложка |
| 942 | _cBOOK | ||
| 980 | _aNBR | ||
| 980 | _aNB | ||